Rapport sur les prescriptions administratives concernant l'Ile d'Ischia : (Record no. 162966)

MARC details
000 -LEADER
campo de control de longitud fija 00751nam a2200169 i 4500
001 - NÚMERO DE CONTROL
campo de control 162966
003 - IDENTIFICADOR DE NÚMERO DE CONTROL
campo de control ES-MaACL
005 - FECHA Y HORA DE LA ÚLTIMA TRANSACCIÓN
campo de control 20230906212635.0
008 - DATOS DE LONGITUD FIJA--INFORMACIÓN GENERAL
campo de control de longitud fija 051017s1884 fr | |||||||| ||fre d
245 00 - MENCIÓN DEL TÍTULO
Título Rapport sur les prescriptions administratives concernant l'Ile d'Ischia :
Resto del título présenté par la Commission instituée par le Ministre des travaux publics (Genala) à la suite du tremblement de terre de juillet 1883 /
Mención de responsabilidad, etc. traduit par V. Bouhy.
260 ## - PUBLICACIÓN, DISTRIBUCIÓN, ETC.
Lugar de publicación, distribución, etc. Paris ;
-- Liège :
Nombre del editor, distribuidor, etc. Bureaux,
Fecha de publicación, distribución, etc. 1884.
300 ## - DESCRIPCIÓN FÍSICA
Extensión 99 p., [2] h. pleg. de lám. ;
Dimensiones 22 cm.
650 #4 - PUNTO DE ACCESO ADICIONAL DE MATERIA--TÉRMINO DE MATERIA
Término de materia o nombre geográfico como elemento de entrada Terremotos-
Subdivisión geográfica Italia.
9 (RLIN) 136926
651 #4 - PUNTO DE ACCESO ADICIONAL DE MATERIA--NOMBRE GEOGRÁFICO
Nombre geográfico Ischia (Isla)
9 (RLIN) 173549
700 1# - ENTRADA AGREGADA--NOMBRE PERSONAL
Nombre de persona Bouhy, Victor.
9 (RLIN) 30880
852 ## - LOCALIZACIÓN
Ubicación ES-MaACL
Número de control de estantería B-7690(12)
Nota libre - Enc. tela
-- - Enc. en un vol. facticio
Holdings
Estatus retirado Estado de pérdida Estado de daño No para préstamo Colección Biblioteca de origen Biblioteca actual Ubicación en estantería Fecha de adquisición Total de préstamos Signatura topográfica completa Código de barras Visto por última vez Precio de reemplazo Tipo de ítem Koha
        Libros del s. XIX Biblioteca del Ateneo de Madrid Biblioteca del Ateneo de Madrid Sala Pardo Bazán 17/01/2008   B-7690(12) 1170746 23/02/2023 23/02/2023 Libro impreso antiguo